000 00328nam a2200133Ia 4500
008 200103s9999||||xx |||||||||||||| ||und||
040 _aIMU-MPC
082 _aColumn-50
100 _aStupelman, V. and Filaretov, G.
245 0 _aSemiconductor Devices
260 _bMir Publishers, Moscow
_c1976
300 _a270
942 _cBK
999 _c9793
_d9793